[Event "FIDE-Wch k.o."]
[Site "Tripoli"]
[Date "2004.06.20"]
[Round "1.2"]
[White "Dautov, Rustem"]
[Black "Kharlov, Andrei"]
[Result "1/2-1/2"]
[WhiteElo "2616"]
[BlackElo "2593"]
[Annotator "Dautov"]
[PlyCount "95"]
[EventDate "2004.06.19"]
[EventType "k.o."]
[EventRounds "7"]
[EventCountry "LBY"]
[SourceTitle "CBM 102"]
[Source "ChessBase"]
[SourceDate "2004.09.23"]
[SourceVersion "1"]
[SourceVersionDate "2004.09.23"]
[SourceQuality "1"]

1. d4 d5 2. c4 dxc4 3. Nf3 a6 4. e3 e6 5. Bxc4 c5 6. O-O Nf6 7. dxc5 Qxd1 8.
Rxd1 Bxc5 9. Nbd2 O-O 10. Be2 Rd8 11. Ne5 Bd7 $2 {Eine Neuerung von
zweifelhaftem Wert. Schwer zu sagen, was Kharlov von dem soliden und mehrfach
erprobten 11...Be7 abgehalten hat.} (11... Be7 12. Nec4 Nc6 13. Nb6 (13. Bf3
Nd5 14. Nb3 b5 15. Nca5 Ne5 16. Be2 Bd7 17. e4 Nb6 18. Bf4 Bf6 19. Nc5 $14 {
Chuchelov,V-Gabriel,C/Germany 2003}) 13... Rb8 14. Ndc4 Rxd1+ 15. Bxd1 Bd7 16.
Bf3 Be8 17. b3 Nd7 18. Nxd7 Bxd7 19. Bb2 Be8 20. Rc1 f6 21. a3 Rd8 $11 {
Van Wely,L-Kharlov,A/Istanbul 2003}) 12. Nb3 Bb6 13. Bf3 Nc6 {Erzwungen, denn
zu 13...Ra7 greift man ungern.} (13... Ra7 14. Bd2 Bc7 15. Bc3 $16) 14. Nxd7
Rxd7 15. Rxd7 Nxd7 16. Bxc6 bxc6 17. Bd2 Rd8 {Nach dem Eröffnungsfehler des
Gegners bekam Weiß einen klaren Vorteil, die Bauern c6 und a6 sind schwach.
Mit seinem letzten Zug plant Schwarz, seine Verteidigung durch die
Vereinfachung 18...Nc5 zu erleichtern. Hier verbrauchte ich etwa 20 Minuten,
um die beste Reaktion dagegen zu finden, griff aber in Folge trotzdem fehl.}
18. Bc3 (18. Ba5 Bxa5 19. Nxa5 Ne5 20. f4 Ng4 $1 (20... Rd5 21. b4 Ng4 22. e4
Rd4 23. Nxc6 Rxe4 24. a4 Rxf4 25. b5 Rc4 26. Rb1 $18) 21. Nc4 Rd3 22. Rc1 f6
$11) 18... Nc5 19. Bd4 $2 {Ein Berechnungsfehler, denn Schwarz kann das
entstehende Leichtfigurenendspiel halten. Sowohl mit 19.Nxc5, als auch mit 19.
Nd4 könnte ich meinen Vorteil behaupten.} (19. Nxc5 Bxc5 20. Kf1 f6 21. Rc1 Be7
22. Ke2 c5 23. Ba5 Rb8 24. b3 $14) (19. Nd4 Rc8 (19... Na4 $2 20. Nxc6 Rd6 21.
Ne7+ Kf8 22. Nc8 Rc6 23. Nxb6 Rxb6 24. Bd4 $16) 20. Rc1 Na4 21. Nf3 Nxc3 22.
Rxc3 f6 23. Kf1 $14) 19... Nxb3 20. Bxb6 Rb8 $1 21. Bc7 (21. Rd1 f6 22. Bc7 Rb7
23. Bd6 Na5 $11) 21... Nxa1 22. Bxb8 Nc2 23. Kf1 ({Ursprünglich plante ich hier
} 23. Bd6 {/\Kf1-e2-d2} Ne1 $8 24. Kf1 Nd3 25. b4 {, aber...} (25. b3 Nc1 (
25... e5 $1) 26. Ke1 Nxa2 27. Kd2 a5 28. Bc7 Nb4 29. Bxa5 Na6 $11) 25... e5 $1
{Diesen starken Zwischenzug habe ich bei meiner ersten Berechnung übersehen.
Weiß darf e5-e4 nicht zulassen, er verliert deswegen wichtige Tempi für 26.e4
und 27.g3, und der schwarze König kommt seinem Springer rechzeitig zur Hilfe.}
({Deutlich schlechter ist} 25... Nb2 $2 26. Ke2 f6 27. Bc7 $1 Kf7 28. Kd2 e5
29. Kc2 Nc4 30. a4 Ke6 31. Kc3 Nd6 (31... Na3 $2 32. e4 Nb1+ 33. Kd3 $18 {
/\Bb6-e3, Kc2}) 32. Bxd6 Kxd6 33. Kc4 $16 {, und Weiß sollte das
Bauernendspiel gewinnen.}) 26. e4 (26. Ke2 e4 27. f3 f5 $11 {/\Kf7-e6}) 26...
f6 27. g3 (27. Ke2 Nf4+ $11) 27... Kf7 28. Ke2 Nb2 29. Bc5 (29. Bc7 Ke6 30. Kd2
Kd7 $11) 29... Na4 30. Be3 Ke6 31. Kd2 Nb2 $11) 23... Nb4 24. Ke2 Nxa2 25. Kd3
Nb4+ {Gibt den Bauern zurück, um dem weißen König das Feld c5 zu verwähren.
Der andere Remisweg war 26...f6.} (25... f6 26. Bd6 a5 (26... e5 $2 27. b4 Kf7
28. Kc2 $18) 27. Kc2 Kf7 28. Kb3 Nc1+ 29. Kc2 Na2 $11) 26. Kc4 a5 $1 (26... Nc2
$2 27. Kc5 $1 (27. Kc3 $2 Ne1 $17) 27... Ne1 28. Kxc6 Nd3 29. b3 Nxf2 30. Kb6
Ng4 31. Kxa6 Nxe3 32. b4 $16) 27. Bc7 Na6 28. Bxa5 f6 29. f4 Kf7 30. e4 e5 31.
f5 Ke8 $2 {Es sieht so aus, als ob sich Andrei zu früh entspannt hat. Dieser
unnötige Tempoverlust bringt Schwarz erneut in Verlustgefahr.} ({Richtig war} 
31... g6 $1 32. g4 gxf5 33. gxf5 Ke7 34. Bb6 Ke8 $11) 32. g4 g5 $1 33. fxg6
hxg6 34. h4 Kf7 35. Bd2 (35. Bd8 Ke6 $11) ({Stärker war} 35. h5 $1 gxh5 36.
gxh5 {, wonach sich Schwarz genau verteidigen muss:} Kg7 37. Bd8 $1 (37. Bd2
Kf7 38. Be3 Kg7 $11) 37... Kf7 $1 (37... Kh6 $2 38. Bxf6 Nb8 39. Bxe5 Nd7 40.
Bd6 Kxh5 41. e5 Kg6 42. e6 Nb6+ 43. Kc5 Na4+ 44. Kxc6 Nxb2 45. e7 $18) 38. h6 (
38. b3 Kg7 39. Be7 Kf7 $1 40. Bd6 Kg7 $11) (38. b4 Nb8 39. Kc5 Na6+ $11) 38...
Kg6 39. h7 Kxh7 40. Bxf6 Nb8 $1 {Der einzige Zug.} (40... Kg6 41. Bxe5 Kf7 42.
b4 Ke6 43. Bf4 $18 {/\b5}) 41. Bxe5 Nd7 42. Bd4 Kg6 $11 {, und der schwarze
König schafft rechtzeitig zur Blockade.}) 35... f5 $1 (35... Ke6 $11) 36. exf5
gxf5 37. g5 Kg6 38. Bc3 e4 39. Be5 e3 $1 (39... Kh5 $2 40. Bf4 Kg6 41. b4 e3
42. Bxe3 Nc7 43. Kd4 $18) 40. Kd3 Nc5+ 41. Kxe3 Ne6 $11 42. Kd3 Kh5 43. Kc4 Kg6
44. Kb4 Kh5 45. Kc4 Kg6 46. Kb4 Kh5 47. Ka5 f4 48. Bxf4 1/2-1/2

[Event "FIDE-Wch k.o."]
[Site "Tripoli"]
[Date "2004.06.20"]
[Round "1.3"]
[White "Dautov, Rustem"]
[Black "Kharlov, Andrei"]
[Result "0-1"]
[WhiteElo "2616"]
[BlackElo "2593"]
[Annotator "Huzman"]
[PlyCount "73"]
[EventDate "2004.06.19"]
[EventType "k.o."]
[EventRounds "7"]
[EventCountry "LBY"]
[SourceTitle "CBM 102"]
[Source "ChessBase"]
[SourceDate "2004.09.23"]
[SourceVersion "1"]
[SourceVersionDate "2004.09.23"]
[SourceQuality "1"]

1. d4 d5 2. c4 dxc4 3. Nf3 a6 4. e3 e6 5. Bxc4 c5 6. O-O Nf6 7. dxc5 Qxd1 8.
Rxd1 Bxc5 9. Nbd2 Nbd7 10. Be2 b6 (10... b5 11. Nb3 (11. a4 $5) 11... Be7 12.
Nfd4 Bb7 13. f3 Bd8 14. e4 Bb6 15. Be3 O-O 16. a4 $36 {<<} bxa4 17. Rxa4 Rfb8
18. Na5 $14 {1-0 Doettling,F-Thorhallsson,T/Paget Parish 2001/CBM 81/[Huzman] 
(33)}) 11. Nc4 (11. Nb3 Be7 12. Nfd2 (12. Nfd4 Bb7 13. f3 O-O 14. e4 Rfc8 (
14... Nc5 15. Be3 Rfd8 16. Nxc5 Bxc5 17. Kf2 Rd7 18. Nb3 Bxe3+ 19. Kxe3 $14 {
1-0 Slipak,S-Lujan,M/Villa Maria 2003/CBM 94 ext (34)}) (14... Rac8 15. Be3
Rfd8 16. Rac1 Kf8 17. Kf2 Nc5 18. Nxc5 Bxc5 19. a3 a5 20. Nb5 Rxd1 21. Rxd1 Ke7
22. Bxc5+ Rxc5 23. Nc3 $14 {1-0 Gyimesi,Z-Stevic,H/Rabac CRO 2003/The Week in
Chess 463 (43)}) 15. Be3 Kf8 (15... Ne5 16. Rac1 Rxc1 17. Rxc1 Bd6 18. a4 Ned7
19. g4 Rd8 20. h4 Kf8 21. Kf2 $14 {1/2-1/2 Kiese,M-Vujanovic,A/IECC 2002/
Telechess CBM 91 (85)}) 16. Nd2 $1 (16. Kf2 Ne5 17. Nd2 Rc7 18. N4b3 Rc6 19.
Rac1 Rac8 20. Rxc6 Rxc6 21. h3 Ke8 22. Bd4 Nfd7 23. Rc1 Rxc1 24. Nxc1 f6 {
1/2-1/2 Bareev,E-Rublevsky,S/Elista/1996/ (45)}) 16... Ne5 (16... Rc7 $5 17.
Nc4 Rac8 18. b3 b5 19. Na5 Ba3 $1 $13) 17. N4b3 $1 Rc6 18. Rac1 Rac8 19. Rxc6
Rxc6 20. g4 $1 $36 {1/2-1/2 Kramnik,V-Kasparov,G/London 2000/CBM 80/[Ftacnik] 
(74)}) 12... Bb7 13. Nc4 Bd5 14. Bd2 Rc8 15. Rdc1 O-O 16. f3 Bb7 17. e4 a5 18.
Be3 a4 19. Nbd2 Bc5 20. Bxc5 Rxc5 21. Nd6 $14 {1/2-1/2 Botvinnik,I-Donchenko,A/
Minsk 1993/EXT 97 (63)}) 11... Bb7 12. b3 (12. Nd4 Rc8 13. Nb3 Be7 14. Bd2 O-O
15. f3 Bd5 16. Rac1 b5 17. Nca5 Nc5 18. Nd4 Nfd7 19. e4 Ba8 20. Be3 Bf6 21. b3
Ne5 22. Nxb5 $16 {1-0 Sorokin,M-Sadvakasov,D/Dubai 2002/CBM 87 ext (49)}) 12...
O-O 13. Bb2 Bd5 (13... b5 14. Na5 Bd5 15. Nd4 Rfc8 16. Rac1 e5 17. Nc2 Bb6 18.
Nb4 Rxc1 19. Bxc1 Rc8 (19... Be4 20. Nac6 Bc5 $13) 20. Bd2 $14 {0-1 Kramnik,
V-Anand,V/Monaco Amber Blind sp 1997 (29)}) 14. Rac1 Rfc8 15. Nfe5 b5 16. Nxd7
Nxd7 17. e4 (17. Nd2 Bb4 18. Nb1 Nb6 19. f3 Rxc1 20. Rxc1 Rc8 21. Rxc8+ Nxc8
22. Ba3 Bxa3 23. Nxa3 b4 24. Nc2 a5 $11 {1/2-1/2 Kramnik,V-Lautier,J/Monte
Carlo 1997/CBM 57 ext (27)}) 17... Bxe4 18. Rxd7 bxc4 19. Bxc4 (19. Rxc4 Bc6
20. Rd2 Bb5 21. Rg4 g6 22. Bf3 Rd8 23. Rc2 Rac8 $11) 19... Bc6 20. Rd2 Bb4 21.
Rdc2 (21. Rd3 Bb5 $11) 21... Be4 22. Re2 Bb7 $11 23. a3 Be7 24. b4 $6 {This
uncarefull move leads White to problems on file "c".} (24. Rd1 $142 $11) 24...
Bg5 25. Rcc2 Rd8 $1 26. Re1 Rac8 $15 27. Bc1 $6 (27. h3 Bd5 28. Bd3 Rxc2 29.
Bxc2 $11) 27... Bf6 $1 28. Be3 Bd5 29. Bc5 Bxc4 30. Rxc4 h6 $6 (30... Rd3 $1
31. a4 a5 $1 $17) 31. g3 Bb2 (31... Rd3 32. a4 a5 33. Rec1 $11) 32. a4 a5 $1
33. bxa5 $4 {[%mdl 8192]} (33. Rb1 Ba3 34. Rc3 axb4 35. Bxb4 $11) 33... Rd5 34.
Rb1 Ba3 $19 35. Rc3 (35. Bxa3 $142 Rxc4 36. Bb4 Rd7 37. Kg2 Rb7 38. a6 Ra7 $19)
35... Bxc5 36. Rbc1 Kf8 37. a6 (37. a6 Ke7 38. a7 Kd6 $19) 0-1

[Event "RUS Cup Qualifier 1"]
[Site "chessassistantclub.com INT"]
[Date "2004.09.07"]
[Round "?"]
[White "Amonatov, Farrukh"]
[Black "Kharlov, Andrei"]
[Result "0-1"]
[WhiteElo "2557"]
[BlackElo "2591"]
[PlyCount "98"]
[EventDate "2004.09.07"]
[EventType "swiss (blitz)"]
[EventRounds "13"]
[EventCountry "RUS"]
[SourceTitle "EXT 2006"]
[Source "ChessBase"]
[SourceDate "2005.11.24"]
[SourceVersion "1"]
[SourceVersionDate "2005.11.24"]
[SourceQuality "1"]

1. e4 c5 2. Nf3 Nc6 3. d4 cxd4 4. Nxd4 Nf6 5. Nc3 d6 6. Bg5 e6 7. Qd2 Be7 8.
O-O-O O-O 9. f4 Nxd4 10. Qxd4 Qa5 11. Bc4 Bd7 12. e5 dxe5 13. fxe5 Bc6 14. Kb1
Rad8 15. Qf4 Nd5 16. Bxd5 Bxg5 17. Qxg5 Bxd5 18. Rd3 f6 19. Qg4 fxe5 20. Nxd5
exd5 21. Qe6+ Kh8 22. Qxe5 Rfe8 23. Qd4 Re4 24. Qf2 Rde8 25. a3 h6 26. Rhd1 Re2
27. Qf5 Rxg2 28. Rxd5 Qb6 29. Rd7 Qc6 30. h4 a6 31. h5 Rg5 32. Qf7 Qe6 33. Qxe6
Rxe6 34. R1d5 b5 35. Rxg5 hxg5 36. Rd5 g4 37. Rg5 Re4 38. Rg6 a5 39. Kc1 Kh7
40. Kd2 b4 41. axb4 Rxb4 42. Kc3 Rf4 43. b3 Rf3+ 44. Kd4 g3 45. c4 Rxb3 46. c5
a4 47. c6 a3 48. c7 a2 49. Ra6 g2 0-1

[Event "RUS Cup Qualifier 1"]
[Site "chessassistantclub.com INT"]
[Date "2004.09.07"]
[Round "?"]
[White "Balabaev, Timur"]
[Black "Kharlov, Andrei"]
[Result "0-1"]
[WhiteElo "2454"]
[BlackElo "2591"]
[PlyCount "76"]
[EventDate "2004.09.07"]
[EventType "swiss (blitz)"]
[EventRounds "13"]
[EventCountry "RUS"]
[SourceTitle "EXT 2006"]
[Source "ChessBase"]
[SourceDate "2005.11.24"]
[SourceVersion "1"]
[SourceVersionDate "2005.11.24"]
[SourceQuality "1"]

1. e4 c5 2. Nf3 Nc6 3. d4 cxd4 4. Nxd4 Nf6 5. Nc3 d6 6. f3 e6 7. Be3 Be7 8. Qd2
O-O 9. O-O-O d5 10. exd5 Nxd5 11. Nxd5 Qxd5 12. c4 Qd6 13. Nxc6 Qxc6 14. Bd3
Qc7 15. Kb1 e5 16. Qc2 h6 17. g4 Be6 18. h4 Rac8 19. g5 h5 20. b3 b5 21. cxb5
Qa5 22. Qb2 Rfd8 23. Be4 Qxb5 24. Bxa7 Bb4 25. Be3 g6 26. Rxd8+ Rxd8 27. Qc2
Kh7 28. Rd1 Rc8 29. Qd3 Qa5 30. Qe2 Bc3 31. Qf1 Bxb3 32. Bxg6+ Kxg6 33. Rd6+
Kg7 34. Qa6 Bxa2+ 35. Kc2 Qxa6 36. Rxa6 Bd4+ 37. Kd2 Bc4 38. Ra4 Bb3 0-1

[Event "RUS Cup Qualifier 1"]
[Site "chessassistantclub.com INT"]
[Date "2004.09.07"]
[Round "?"]
[White "Galkin, Alexander"]
[Black "Kharlov, Andrei"]
[Result "1-0"]
[WhiteElo "2607"]
[BlackElo "2591"]
[PlyCount "75"]
[EventDate "2004.09.07"]
[EventType "swiss (blitz)"]
[EventRounds "13"]
[EventCountry "RUS"]
[SourceTitle "EXT 2006"]
[Source "ChessBase"]
[SourceDate "2005.11.24"]
[SourceVersion "1"]
[SourceVersionDate "2005.11.24"]
[SourceQuality "1"]

1. Nf3 d5 2. g3 Bg4 3. Bg2 Nd7 4. O-O c6 5. b3 e5 6. d3 Bd6 7. Bb2 Ne7 8. Nbd2
O-O 9. e3 h6 10. c4 a5 11. Qc2 a4 12. Bc3 b5 13. b4 Re8 14. a3 f5 15. Bb2 Bh5
16. Rac1 Bf7 17. Qb1 Ra6 18. Qa1 Ng6 19. Rc2 Nf6 20. cxb5 cxb5 21. Rfc1 Qb8 22.
Rc6 Rxc6 23. Rxc6 Nd7 24. Qc1 Ne7 25. Rc2 Rc8 26. Nb1 Rxc2 27. Qxc2 Nc8 28. Bh3
g6 29. e4 Ne7 30. exf5 Nxf5 31. Qc6 Nf8 32. Bxf5 gxf5 33. Nh4 f4 34. Nf5 Bc7
35. Nxh6+ Kg7 36. Nf5+ Kg8 37. Qh6 Ne6 38. Ne7# 1-0

[Event "RUS Cup Qualifier 1"]
[Site "chessassistantclub.com INT"]
[Date "2004.09.07"]
[Round "?"]
[White "Gansvind, Valeriya"]
[Black "Kharlov, Andrei"]
[Result "1-0"]
[WhiteElo "2287"]
[BlackElo "2591"]
[PlyCount "125"]
[EventDate "2004.09.07"]
[EventType "swiss (blitz)"]
[EventRounds "13"]
[EventCountry "RUS"]
[SourceTitle "EXT 2006"]
[Source "ChessBase"]
[SourceDate "2005.11.24"]
[SourceVersion "1"]
[SourceVersionDate "2005.11.24"]
[SourceQuality "1"]

1. c4 e5 2. Nc3 Nf6 3. Nf3 Nc6 4. e4 d6 5. d4 Bg4 6. d5 Nd4 7. Be3 Nxf3+ 8.
gxf3 Bd7 9. f4 exf4 10. Bxf4 g6 11. Be2 Bg7 12. Qd2 O-O 13. Bh6 Re8 14. Bxg7
Kxg7 15. f3 Nh5 16. O-O-O Qf6 17. Qd4 Nf4 18. Qxf6+ Kxf6 19. Bf1 Re5 20. Ne2
Nxe2+ 21. Bxe2 Rae8 22. Kd2 Kg7 23. Bd3 f5 24. Rde1 fxe4 25. Rxe4 Rxe4 26. fxe4
Re5 27. Rf1 Rh5 28. Rf2 Rh4 29. Ke3 a5 30. b3 g5 31. a3 Rh3+ 32. Kd4 b6 33. b4
axb4 34. axb4 h5 35. Be2 Be8 36. c5 bxc5+ 37. bxc5 Ra3 38. c6 Ra4+ 39. Bc4 Bg6
40. Rb2 Bxe4 41. Rb7 Bf3 42. Rxc7+ Kf6 43. Kc3 h4 44. Rc8 Bg4 45. Rd8 Ke7 46.
Rg8 Ra3+ 47. Kb4 Rh3 48. Rxg5 Bc8 49. Rg8 Bf5 50. Rg7+ Kf6 51. Rg2 Re3 52. Rf2
Kg5 53. c7 Re8 54. Rxf5+ Kxf5 55. Ba6 Ke5 56. Kc4 Kf4 57. c8=Q Rxc8+ 58. Bxc8
Kf3 59. h3 Ke4 60. Be6 Ke5 61. Kb5 Kf6 62. Kb6 Ke5 63. Kc6 1-0

[Event "RUS Cup Qualifier 1"]
[Site "chessassistantclub.com INT"]
[Date "2004.09.07"]
[Round "?"]
[White "Kalinichev, Andrey"]
[Black "Kharlov, Andrei"]
[Result "1/2-1/2"]
[WhiteElo "2342"]
[BlackElo "2591"]
[PlyCount "92"]
[EventDate "2004.09.07"]
[EventType "swiss (blitz)"]
[EventRounds "13"]
[EventCountry "RUS"]
[SourceTitle "EXT 2006"]
[Source "ChessBase"]
[SourceDate "2005.11.24"]
[SourceVersion "1"]
[SourceVersionDate "2005.11.24"]
[SourceQuality "1"]

1. d4 d5 2. Bg5 Nf6 3. Bxf6 exf6 4. e3 Be6 5. g3 c6 6. Bg2 Qb6 7. Nd2 Nd7 8.
Rb1 Bd6 9. Ne2 f5 10. O-O O-O 11. b3 Nf6 12. c4 Qd8 13. c5 Bc7 14. b4 a6 15. a4
Ne4 16. f3 Nxd2 17. Qxd2 Bd7 18. Nf4 Re8 19. Rfe1 Bxf4 20. exf4 Qc7 21. Re5 f6
22. Rxe8+ Rxe8 23. Re1 Qd8 24. Bf1 Rxe1 25. Qxe1 Kf7 26. Kf2 Qe8 27. Qc3 g6 28.
h4 Ke7 29. Qe3+ Kf7 30. Qc3 Qa8 31. Bd3 h5 32. Bc2 Qa7 33. Ke2 Qa8 34. Kd2 Be6
35. Bd3 Ke7 36. Ke3 Qb8 37. b5 axb5 38. axb5 Qa7 39. b6 Qa2 40. Bc2 Bc8 41. Kd2
Kf8 42. Qe3 Qa1 43. Bd1 Qb2+ 44. Bc2 Qa1 45. Ke2 Qb2 46. Kd2 Qa1 1/2-1/2

[Event "RUS Cup Qualifier 1"]
[Site "chessassistantclub.com INT"]
[Date "2004.09.07"]
[Round "?"]
[White "Kharlov, Andrei"]
[Black "Belozerov, Andrei"]
[Result "1-0"]
[WhiteElo "2591"]
[BlackElo "2549"]
[PlyCount "113"]
[EventDate "2004.09.07"]
[EventType "swiss (blitz)"]
[EventRounds "13"]
[EventCountry "RUS"]
[SourceTitle "EXT 2006"]
[Source "ChessBase"]
[SourceDate "2005.11.24"]
[SourceVersion "1"]
[SourceVersionDate "2005.11.24"]
[SourceQuality "1"]

1. c4 Nf6 2. Nc3 c5 3. Nf3 g6 4. d4 cxd4 5. Nxd4 Bg7 6. g3 O-O 7. Bg2 Nc6 8.
Nc2 d6 9. O-O Bd7 10. b3 Qc8 11. Bb2 Bh3 12. Ne3 Bxg2 13. Kxg2 Re8 14. Qd2 Ng4
15. Nxg4 Qxg4 16. Nd5 Bxb2 17. Qxb2 Rac8 18. Rad1 Qe4+ 19. f3 Qe6 20. Rd2 Qe5
21. Qb1 Nd4 22. Qd3 Ne6 23. f4 Qg7 24. Qe3 b6 25. Qf3 Nc5 26. f5 Nd7 27. Qf4 f6
28. Qe4 Ne5 29. Nf4 gxf5 30. Qxf5 Kh8 31. Nd3 Qg6 32. Nxe5 fxe5 33. e4 Qxf5 34.
Rxf5 Rf8 35. Rxf8+ Rxf8 36. Rf2 Rxf2+ 37. Kxf2 Kg7 38. g4 Kg6 39. h4 Kf6 40.
Kf3 Kg6 41. Kg3 Kh6 42. b4 Kg6 43. g5 Kh5 44. b5 Kg6 45. Kg4 Kf7 46. Kf5 e6+
47. Kg4 Kg6 48. h5+ Kg7 49. h6+ Kg6 50. Kh4 d5 51. cxd5 exd5 52. exd5 e4 53. d6
e3 54. Kg3 Kxg5 55. d7 Kf5 56. d8=Q Ke4 57. Qe7+ 1-0

[Event "RUS Cup Qualifier 1"]
[Site "chessassistantclub.com INT"]
[Date "2004.09.07"]
[Round "?"]
[White "Kharlov, Andrei"]
[Black "Fridman, Daniel"]
[Result "1-0"]
[WhiteElo "2591"]
[BlackElo "2592"]
[PlyCount "137"]
[EventDate "2004.09.07"]
[EventType "swiss (blitz)"]
[EventRounds "13"]
[EventCountry "RUS"]
[SourceTitle "EXT 2006"]
[Source "ChessBase"]
[SourceDate "2005.11.24"]
[SourceVersion "1"]
[SourceVersionDate "2005.11.24"]
[SourceQuality "1"]

1. c4 d6 2. Nc3 e5 3. g3 f5 4. Bg2 Nf6 5. Nf3 Nc6 6. d3 Be7 7. O-O O-O 8. Nd5
Nxd5 9. cxd5 Nb8 10. e4 Nd7 11. exf5 Nb6 12. d4 e4 13. Nd2 Bxf5 14. Nxe4 Kh8
15. Nc3 Bf6 16. b3 Rc8 17. Bf4 Bg5 18. Bxg5 Qxg5 19. h4 Qf6 20. Qd2 a6 21. Rfe1
h6 22. Re3 Rce8 23. Rae1 Bg6 24. Re6 Qf7 25. f4 Bf5 26. R6e3 Nd7 27. Qe2 Nf6
28. Bf3 b5 29. a3 Rxe3 30. Qxe3 Re8 31. Qd2 Rxe1+ 32. Qxe1 Bc8 33. Kf2 Bb7 34.
Qe6 Kg8 35. f5 Kf8 36. g4 Nd7 37. g5 hxg5 38. hxg5 Nb6 39. Qxf7+ Kxf7 40. Ke3
Nc8 41. Kf4 Ne7 42. b4 Ba8 43. Ke4 Bb7 44. Bh5+ Kf8 45. f6 gxf6 46. gxf6 Nc8
47. Kf5 Nb6 48. Kg6 Nxd5 49. Nxd5 Bxd5 50. Bg4 Be4+ 51. Bf5 Bb7 52. Be6 Be4+
53. Kg5 a5 54. bxa5 c5 55. dxc5 dxc5 56. a6 c4 57. Kf4 Ba8 58. Ke3 Ke8 59. Kd4
Bc6 60. a7 Ba8 61. Bd5 c3 62. Bxa8 c2 63. Bd5 c1=Q 64. a8=Q+ Kd7 65. Qc6+ Qxc6
66. Bxc6+ Ke6 67. Bxb5 Kxf6 68. Kc5 Ke6 69. Kb6 1-0

[Event "RUS Cup Qualifier 1"]
[Site "chessassistantclub.com INT"]
[Date "2004.09.07"]
[Round "?"]
[White "Kharlov, Andrei"]
[Black "Grebenkin, Vladimir"]
[Result "1-0"]
[WhiteElo "2591"]
[BlackElo "2462"]
[PlyCount "137"]
[EventDate "2004.09.07"]
[EventType "swiss (blitz)"]
[EventRounds "13"]
[EventCountry "RUS"]
[SourceTitle "EXT 2006"]
[Source "ChessBase"]
[SourceDate "2005.11.24"]
[SourceVersion "1"]
[SourceVersionDate "2005.11.24"]
[SourceQuality "1"]

1. c4 c5 2. Nc3 g6 3. Nf3 Bg7 4. d4 cxd4 5. Nxd4 Nc6 6. Nc2 Bxc3+ 7. bxc3 Qa5
8. Bd2 Nf6 9. f3 d6 10. e4 Be6 11. Ne3 Rc8 12. Nd5 Nd7 13. Rb1 b6 14. Be2 Nce5
15. Rb5 Qxa2 16. O-O Nxc4 17. Bh6 a6 18. Rb1 Qa5 19. Kh1 f6 20. Ra1 Qc5 21.
Rxa6 Kf7 22. Ra7 b5 23. Ra2 Ra8 24. Rxa8 Rxa8 25. Nf4 Ra3 26. Nxe6 Kxe6 27. Qe1
Kf7 28. Qh4 Qh5 29. Qxh5 gxh5 30. Rc1 Kg6 31. Bf4 e5 32. Bg3 Ra2 33. Bf1 Nc5
34. h4 Nb3 35. Rd1 Ra1 36. Rxa1 Nxa1 37. Kg1 Nc2 38. Kf2 N2a3 39. Ke2 f5 40.
exf5+ Kxf5 41. Kd3 d5 42. Bf2 Ke6 43. Bc5 Kf5 44. g3 Ke6 45. Bh3+ Kf6 46. Bd7
Kg6 47. Be8+ Kg7 48. Bxh5 Kf6 49. Be8 Ke6 50. g4 e4+ 51. fxe4 dxe4+ 52. Kxe4
Nd6+ 53. Bxd6 Kxd6 54. g5 Nb1 55. Kd3 Na3 56. Bh5 Ke7 57. Bf3 Kd6 58. Be4 Ke5
59. Bxh7 Nc4 60. Bg8 Nd6 61. h5 Kf5 62. h6 Kg6 63. Kd4 Nf5+ 64. Kc5 Ne7 65. h7
Kg7 66. Kxb5 Nf5 67. c4 Nd4+ 68. Kc5 Nf3 69. g6 1-0

[Event "RUS Cup Qualifier 1"]
[Site "chessassistantclub.com INT"]
[Date "2004.09.07"]
[Round "?"]
[White "Kharlov, Andrei"]
[Black "Kosyrev, Vladimir"]
[Result "1/2-1/2"]
[WhiteElo "2591"]
[BlackElo "2531"]
[PlyCount "100"]
[EventDate "2004.09.07"]
[EventType "swiss (blitz)"]
[EventRounds "13"]
[EventCountry "RUS"]
[SourceTitle "EXT 2006"]
[Source "ChessBase"]
[SourceDate "2005.11.24"]
[SourceVersion "1"]
[SourceVersionDate "2005.11.24"]
[SourceQuality "1"]

1. d4 e6 2. e4 d5 3. Nc3 Bb4 4. Nge2 dxe4 5. a3 Bxc3+ 6. Nxc3 Nc6 7. d5 exd5 8.
Qxd5 Nge7 9. Qxd8+ Nxd8 10. Nxe4 Bf5 11. Bd3 Ndc6 12. Bf4 O-O-O 13. O-O-O Nd4
14. Rhe1 Nec6 15. f3 Bg6 16. Bc4 Rhe8 17. b4 a6 18. c3 Ne6 19. Rxd8+ Ncxd8 20.
Nc5 b5 21. Bf1 f6 22. Nxe6 Nxe6 23. Bg3 Kb7 24. Rd1 Rd8 25. Rxd8 Nxd8 26. c4 c6
27. Kd2 Bf7 28. cxb5 axb5 29. Kc3 Ne6 30. Bd3 h6 31. Bd6 Kc8 32. Bf5 Kd7 33.
Bf8 g6 34. Bxe6+ Kxe6 35. Bxh6 Kd5 36. g4 f5 37. gxf5 gxf5 38. Kd3 Bh5 39. Ke3
Ke5 40. Bg7+ Ke6 41. Kf4 Kf7 42. Bd4 Ke6 43. h4 Kd5 44. Bc5 Ke6 45. Bd4 Kd5 46.
Ba1 Ke6 47. Kg5 Bxf3 48. h5 f4 49. h6 Be4 50. Kxf4 Bh7 1/2-1/2

[Event "RUS Cup Qualifier 1"]
[Site "chessassistantclub.com INT"]
[Date "2004.09.07"]
[Round "?"]
[White "Kharlov, Andrei"]
[Black "Smikovski, Ivan"]
[Result "1-0"]
[WhiteElo "2591"]
[BlackElo "2488"]
[PlyCount "163"]
[EventDate "2004.09.07"]
[EventType "swiss (blitz)"]
[EventRounds "13"]
[EventCountry "RUS"]
[SourceTitle "EXT 2006"]
[Source "ChessBase"]
[SourceDate "2005.11.24"]
[SourceVersion "1"]
[SourceVersionDate "2005.11.24"]
[SourceQuality "1"]

1. e4 e5 2. Nf3 Nc6 3. Bb5 a6 4. Ba4 Nf6 5. O-O Be7 6. d3 b5 7. Bb3 d6 8. c3
O-O 9. Re1 Na5 10. Bc2 c5 11. Nbd2 Nc6 12. Nf1 Re8 13. h3 h6 14. a4 Bb7 15. Ng3
Bf8 16. Nf5 Ne7 17. N3h4 Ng6 18. axb5 axb5 19. Rxa8 Bxa8 20. Nxg6 fxg6 21. Ne3
Kh7 22. Bb3 Be7 23. Bd2 Rf8 24. f3 Bc6 25. Qc2 Nh5 26. Nd5 Bxd5 27. Bxd5 Bg5
28. Ra1 Bxd2 29. Qxd2 Nf4 30. Kf1 Qg5 31. Bc6 Qg3 32. Bxb5 Nxh3 33. Qe3 Ng5 34.
Qf2 Qh2 35. Bc4 Qh1+ 36. Qg1 Qh4 37. Ke2 Qf4 38. Qe3 Qh2 39. Qf2 Qf4 40. Rh1
Rb8 41. b3 Qf6 42. Ra1 Qe7 43. Qe3 Ne6 44. g3 Ng5 45. Kd2 Rf8 46. f4 exf4 47.
gxf4 Ne6 48. f5 Ng5 49. fxg6+ Kxg6 50. Kc2 Kh7 51. Re1 Rf3 52. Qe2 Qf8 53. Qd1
Qa8 54. Kb2 Rf2+ 55. Re2 Rf8 56. Bd5 Qa7 57. Qa1 Qe7 58. Qg1 Qe5 59. Rg2 Rf3
60. Qd1 Qf4 61. Qd2 Re3 62. Rf2 Qg3 63. Kc2 Rf3 64. Rxf3 Nxf3 65. Qe2 Ne5 66.
d4 cxd4 67. cxd4 Nd7 68. Bc4 Nf6 69. Bd3 Kh8 70. e5 dxe5 71. Qxe5 Qxe5 72. dxe5
Nd5 73. Be4 Nc7 74. b4 Kg8 75. Kc3 Kf7 76. Kd4 Ke6 77. Bd3 g5 78. b5 Na8 79.
Bc4+ Ke7 80. Kc5 g4 81. Bd5 Nc7 82. b6 1-0